[Event "ch-IND"]
[Site "Visakhapatnam IND"]
[Date "2004.12.09"]
[Round "7"]
[White "Deepan,C"]
[Black "Koneru,H"]
[Result "1/2-1/2"]
[WhiteElo "2396"]
[BlackElo "2503"]

1.Nf3 Nf6 2.c4 g6 3.g3 Bg7 4.Bg2 O-O 5.O-O d6 6.Nc3 e5 7.d3 c6 8.Rb1 Re8
9.Bg5 h6 10.Bxf6 Bxf6 11.b4 Be6 12.b5 Nd7 13.Nd2 Qc7 14.Qc2 Rec8 15.Rfc1 Qd8
16.Qd1 Be7 17.Rc2 Nc5 18.Nf3 Bf6 19.bxc6 bxc6 20.d4 exd4 21.Nxd4 Bd7 22.Ne4 Nxe4
23.Bxe4 Qe8 24.Bf3 Rab8 25.Rcc1 h5 26.h4 Rb6 27.Rb3 Qe5 28.e3 Qa5 29.Rxb6 axb6
30.Nb3 Qe5 31.Qd2 Ra8 32.Nd4 Qc5 33.Nb3 Qe5 34.Nd4 Qc5 35.Nb3 Qf5 36.Bg2 Be7
37.Nd4 Qc5 38.Nb3 Qa3 39.Nd4 Qa4 40.Qc2 Qxc2 41.Rxc2 Rc8 42.Rb2 Bd8 43.Kf1 Kf8
44.Ke2 b5 45.cxb5 cxb5 46.Bd5 Rc5 47.e4 Bf6 48.Rd2 Ke7 49.Nc2 Bc3 50.Rd1 Bg4+
51.f3 Be6 52.Ne3 b4 53.Bb3 Ra5 54.Nd5+  1/2-1/2

[Event "FSGM December"]
[Site "Budapest HUN"]
[Date "2004.12.13"]
[Round "10"]
[White "Karatorossian,D"]
[Black "Berczes,D"]
[Result "1/2-1/2"]
[WhiteElo "2384"]
[BlackElo "2321"]

1.Nf3 Nf6 2.c4 g6 3.g3 Bg7 4.Bg2 O-O 5.O-O c5 6.d4 d6 7.dxc5 dxc5 8.Qxd8 Rxd8
9.Nc3 Nc6 10.Bf4 Bf5 11.Rfd1 Rxd1+ 12.Rxd1 Rd8 13.Rxd8+ Nxd8 14.Ne5 Nd7 15.Nxd7 Bxd7
16.Nd5 Nc6 17.b3 b6 18.h4 Kf8 19.Kf1 e6 20.Bd6+ Kg8 21.Ne7+ Nxe7 22.Bxe7 Be5  1/2-1/2

[Event "zt 3.1"]
[Site "Beirut LIB"]
[Date "2004.12.19"]
[Round "7"]
[White "Abdulaziz,M"]
[Black "Khader,S"]
[Result "0-1"]
[WhiteElo "2101"]
[BlackElo "2362"]

1.c4 Nf6 2.Nf3 g6 3.g3 Bg7 4.Bg2 O-O 5.O-O d6 6.Nc3 e5 7.d3 Nbd7 8.Rb1 Nh5
9.Bd2 f5 10.Qc1 f4 11.b4 Kh8 12.Ne4 Ndf6 13.Nxf6 Qxf6 14.c5 d5 15.b5 e4 16.Ne1 Bg4
17.Qd1 Rae8 18.dxe4 dxe4 19.Rb3 Qd8 20.Ra3 Qd7 21.f3 exf3 22.exf3 Be6 23.g4 Nf6
24.Qc1 Qxb5 25.Ra5 Qc4 26.Rxa7 Qxc1 27.Bxc1 Bc4 28.Rxb7 Nxg4 29.Nc2 Bxf1
30.Bxf1 Ne3 31.Nxe3 fxe3 32.Be2 Bd4 33.Rb4 Be5 34.a4 Rf4 35.Rb3 Rxa4 36.Bb5 Ra1  0-1

[Event "Czech Christmas"]
[Site "Litomysl CZE"]
[Date "2004.12.27"]
[Round "3"]
[White "Splosnov,S"]
[Black "Votava,J"]
[Result "1/2-1/2"]
[WhiteElo "2367"]
[BlackElo "2505"]

1.Nf3 Nf6 2.c4 g6 3.g3 Bg7 4.Bg2 O-O 5.Nc3 d5 6.cxd5 Nxd5 7.d4 c5 8.O-O Nc6
9.Nxd5 Qxd5 10.Be3 c4 11.Ne5 Qb5 12.Nxc6 bxc6 13.b3 Be6 14.bxc4 Bxc4 15.Qc2 Rac8
16.Rab1 Qa6 17.Bf3 Bd5 18.Rb4 Qxa2  1/2-1/2

[Event "Asian Juniors Girls"]
[Site "Bikaner IND"]
[Date "2004.12.30"]
[Round "11"]
[White "Harika,D"]
[Black "Sowmya,H"]
[Result "1-0"]
[WhiteElo "2391"]
[BlackElo "2007"]

1.Nf3 Nf6 2.c4 g6 3.g3 Bg7 4.Bg2 O-O 5.O-O c5 6.Nc3 Nc6 7.d4 d6 8.d5 Na5
9.Nd2 a6 10.a3 b5 11.cxb5 axb5 12.b4 Nb7 13.Bb2 Bd7 14.Nb3 Ng4 15.bxc5 Nxc5
16.Nxc5 dxc5 17.d6 Rc8 18.dxe7 Qxe7 19.Nd5 Qd8 20.Bxg7 Kxg7 21.Qc2 Kg8 22.Rad1 Be6
23.Bh3 Nf6 24.Nf4 Qb6 25.Bg2 b4 26.Qb2 Bf5 27.e4 Bg4 28.Rb1 Rb8 29.h3 Bc8
30.axb4 cxb4 31.e5 Nd7 32.Nd5 Qe6 33.Rfe1 Bb7 34.Rbd1 h6 35.Nf4 Qe7 36.Bxb7 Rxb7
37.e6 Nf6 38.exf7+ Qxf7 39.Ne6 Re8 40.Nd8 Rxe1+ 41.Rxe1 Re7 42.Nxf7 Rxe1+
43.Kg2 Kxf7 44.Qxb4 Re7 45.f4 h5 46.Qc4+ Kg7 47.Kf3 Rd7 48.g4 hxg4+ 49.hxg4 Rf7
50.Qe6 Rf8 51.Qe5 Kh7 52.Kg3 Kg8 53.Kh4 Nh7 54.Kh3 Rf7 55.Qe6 Kg7 56.Kg3 Nf6
57.f5 gxf5 58.g5 Ne4+ 59.Kf4 Kf8 60.Qh6+  1-0

[Event "34th Rilton Cup"]
[Site "Stockholm SWE"]
[Date "2004.12.30"]
[Round "4"]
[White "Tetenkina,I"]
[Black "Stenson,J"]
[Result "1/2-1/2"]
[WhiteElo "2255"]
[BlackElo "2099"]

1.Nf3 Nf6 2.c4 g6 3.g3 Bg7 4.Bg2 O-O 5.O-O d5 6.cxd5 Nxd5 7.d4 Nc6 8.Nc3 Nxc3
9.bxc3 Na5 10.Qa4 c5 11.Ne5 Be6 12.Ba3 cxd4 13.cxd4 Rb8 14.Bxe7 Qxe7 15.Qxa5 Qd6
16.e3 b6 17.Qxa7 Bxe5 18.dxe5 Qxe5 19.Rab1 b5 20.Rb4 Rfc8 21.Rfb1 Bd5 22.e4 Ra8
23.Qe3 Rc3 24.Qd2 Bc4 25.Bf1 Rca3 26.Bxc4 bxc4 27.Rxc4 Rxa2 28.Qh6 Qf6 29.Qe3 Rd8
30.e5 Qf5 31.Rbc1 Re8 32.Rc5 Ra6 33.Kg2 Rae6 34.Re1 Kg7 35.Qc3 R8e7 36.Re3 h5
37.Rc7 Kg8 38.Rxe7 Rxe7 39.h4 Re6 40.Qc7 Re8 41.Qb7 Qe6 42.Rc3 Rd8 43.Rf3 Qd5
44.Qe7 Rb8 45.Qd6 Rd8 46.Qxd5 Rxd5 47.Re3 Ra5 48.Kf3 Ra2 49.Re2 Ra4 50.Ke3 Kf8
51.Rd2 Ke7 52.Rd4 Ra2 53.f3 Ra6 54.Rb4 Ke6 55.Kf4 f6 56.g4 hxg4 57.fxg4 fxe5+
58.Kg5 Kf7 59.Rb7+ Kf8 60.Rb5 Re6 61.Rb3 Kg7 62.Re3 Kh7 63.Re4 Kg7 64.Re3 Kh7  1/2-1/2

[Event "Czech Christmas"]
[Site "Litomysl CZE"]
[Date "2004.12.31"]
[Round "7"]
[White "Splosnov,S"]
[Black "Novotny,M1"]
[Result "1-0"]
[WhiteElo "2367"]
[BlackElo "2210"]

1.Nf3 g6 2.c4 Nf6 3.g3 Bg7 4.Bg2 O-O 5.O-O d5 6.cxd5 Nxd5 7.Nc3 Nxc3 8.bxc3 c5
9.d4 Nc6 10.dxc5 Qc7 11.Be3 Rd8 12.Qa4 Bxc3 13.Rac1 Bg7 14.Rfd1 Bf5 15.Nd4 Nxd4
16.Bxd4 Bxd4 17.Rxd4 Rxd4 18.Qxd4 Rd8 19.Qb4 b6 20.c6 Rd6 21.h4 h5 22.a3 Be6
23.Qf4 Kg7 24.Kh2 Bc8 25.Rc3 f6 26.Qb4 e5 27.Qb2 Be6 28.Qb5 Bc8 29.Bd5 Bg4
30.e4 Bc8 31.a4 g5 32.hxg5 fxg5 33.Rf3 Rf6 34.Rxf6 Kxf6 35.Qb4 Qe7 36.Qc3 g4
37.Kg1 Qc5 38.Qxc5 bxc5 39.Kf1 Ke7 40.Ke2 Ba6+ 41.Kd2 Kd6 42.Kc3 Be2 43.a5 Bb5
44.Bf7 Bxc6 45.Bxh5 Bd7 46.f3 gxf3 47.Bxf3 Kc6 48.Be2 Be6 49.g4 Kd6 50.g5 Ke7
51.Bc4 Bd7 52.Ba6 Be6 53.Bb7 Kd7 54.g6 Ke7 55.Bd5  1-0

[Event "Intl"]
[Site "Hastings ENG"]
[Date "2005.01.01"]
[Round "3"]
[White "McNab,C"]
[Black "Hebden,M"]
[Result "1/2-1/2"]
[WhiteElo "2434"]
[BlackElo "2550"]

1.c4 g6 2.Nf3 Bg7 3.g3 Nf6 4.Bg2 O-O 5.O-O d6 6.d4 Nc6 7.Nc3 Rb8 8.Bf4 Bg4
9.Rc1 Nd7 10.d5 Bxf3 11.exf3 Nd4 12.Be3 Nf5 13.Bxa7 Ra8 14.Be3 Nxe3 15.fxe3 Bxc3
16.Rxc3 Rxa2 17.b4 Qa8 18.Bh3 Nf6 19.Rf2 Ra4 20.Rb2 Qa7 21.Bf1 Ra8 22.Kg2 Ra1
23.Qd2 Qb6 24.e4 R8a3 25.Rxa3 Rxa3 26.Qf2 Qa6 27.c5 Qa4 28.Qc2 Qa7 29.Qf2 Qa8
30.Qd4 Qa4 31.Be2 Nd7 32.cxd6 cxd6 33.Bd1 Qa8 34.Be2 Qc8 35.Qc4 Qxc4 36.Bxc4 Ne5
37.Be2 f5 38.exf5 gxf5 39.Rc2 Kf7 40.Rc7 b5 41.Rb7 Ra2 42.Kf1 Nc4 43.Kf2 Rb2
44.Rxb5 Na3 45.Rb8 Nc2 46.Bf1 Nxb4+ 47.Kg1 Nd3 48.Rxb2 Nxb2 49.f4 Nd1  1/2-1/2

[Event "Open A"]
[Site "Krakow POL"]
[Date "2005.01.02"]
[Round "6"]
[White "Nikolaev,L"]
[Black "Szczepinski,M"]
[Result "1/2-1/2"]
[WhiteElo "2301"]
[BlackElo "2189"]

1.Nf3 Nf6 2.c4 g6 3.g3 Bg7 4.Bg2 O-O 5.O-O d6 6.d4 Nc6 7.Nc3 e5 8.d5 Ne7
9.e4 Nd7 10.b4 f5 11.Ng5 Nf6 12.Ne6 Bxe6 13.dxe6 Nxe4 14.Bxe4 fxe4 15.Bg5 Bf6
16.Bh6 Bg7 17.Bxg7 Kxg7 18.Qg4 c6 19.Rad1 Nf5 20.Nxe4 Qe7 21.Rd3 Rad8 22.Rfd1 h5
23.Qh3 Nd4 24.f4 Nxe6 25.Rxd6 Nd4 26.c5 Nf5 27.Ng5 Nxd6 28.Ne6+ Kh6 29.cxd6 Rxd6
30.Rxd6 Qxd6 31.Nxf8 Qxf8 32.fxe5 Qxb4 33.Qe6 Qd4+ 34.Kf1 Qd3+ 35.Kg1 Qd4+
36.Kf1 Qd5 37.Qe7 Qh1+ 38.Kf2 Qxh2+ 39.Kf3 Qh1+ 40.Kf2 Qh2+ 41.Kf3 Qh1+ 42.Kf2 Qh2+
43.Kf3  1/2-1/2

[Event "ch-Kiev"]
[Site "Kiev UKR"]
[Date "2005.01.15"]
[Round "1"]
[White "Kosikov,An"]
[Black "Solomaha,A"]
[Result "0-1"]
[WhiteElo "2210"]
[BlackElo "2384"]

1.Nf3 Nf6 2.c4 g6 3.g3 Bg7 4.Bg2 O-O 5.O-O d6 6.Nc3 e5 7.d3 Nbd7 8.Rb1 Nc5
9.b4 Ne6 10.b5 Nd7 11.a4 f5 12.Nd5 g5 13.Nd2 f4 14.Ne4 Ndc5 15.Nxc5 Nxc5
16.Ba3 Ne6 17.Rc1 g4 18.c5 Rf7 19.cxd6 cxd6 20.Rc4 Ng5 21.gxf4 exf4 22.Nxf4 Nh3+
23.Nxh3 gxh3 24.Rxc8 Qxc8 25.Bd5 Kh8 26.Kh1 Rf6 27.Rg1 Qd7 28.Qe1 Rf4 29.e4 Raf8
30.Qb4 Rg4 31.Qe1 Bd4 32.Qd1 Rgf4 33.f3 h5 34.Rf1 Qg4  0-1

[Event "Oceania zt"]
[Site "Auckland NZL"]
[Date "2005.02.03"]
[Round "7"]
[White "Jones,L"]
[Black "Stojic,D"]
[Result "1/2-1/2"]
[WhiteElo "2199"]
[BlackElo "2036"]

1.Nf3 Nf6 2.c4 g6 3.g3 Bg7 4.Bg2 O-O 5.O-O d6 6.Nc3 e5 7.d3 Nbd7 8.Rb1 a5
9.a3 c6 10.b4 axb4 11.axb4 d5 12.Nd2 d4 13.Na4 Nb6 14.Nc5 Nfd7 15.Ndb3 Nxc5
16.Nxc5 Qe7 17.Bd2 Nd7 18.Nb3 Nb6 19.Ra1 Be6 20.Qc2 f5 21.Na5 Ra7 22.Rab1 Qd7
23.Nb3 Bf7 24.Nc5 Qc7 25.e3 dxe3 26.fxe3 e4 27.dxe4 Bxc4 28.Rf2 Ra2 29.Qc1 fxe4
30.Rxf8+ Bxf8 31.Nxe4 Bg7 32.Nc3 Ra8 33.e4 Bd3 34.Ra1 Rxa1 35.Qxa1 Nc4 36.Be1 Qb6+
37.Kh1 Qxb4 38.Qa8+ Kf7 39.Qd8 Bxc3 40.Qd7+ Kf6 41.Qd8+ Kg7 42.Qc7+ Kf6  1/2-1/2

[Event "TCh-SWE Elitserien 2004-5"]
[Site "Sweden SWE"]
[Date "2005.02.05"]
[Round "7"]
[White "Vernersson,P"]
[Black "Djurhuus,R"]
[Result "0-1"]
[WhiteElo "2406"]
[BlackElo "2473"]

1.Nf3 Nf6 2.c4 g6 3.g3 Bg7 4.Bg2 O-O 5.O-O d6 6.d4 Nbd7 7.Nc3 e5 8.e4 exd4
9.Nxd4 Re8 10.f3 c6 11.Kh1 Nb6 12.b3 d5 13.exd5 cxd5 14.c5 Nbd7 15.Na4 Ne5
16.Nb5 Bd7 17.Nd6 Bxa4 18.bxa4 Re7 19.Rb1 b6 20.f4 Ned7 21.cxb6 Nxb6 22.Ba3 Rd7
23.a5 Nc4 24.Nxc4 dxc4 25.Qa4 Rc8 26.Rbd1 c3 27.Bh3 Rxd1 28.Rxd1 Qe8 29.Qxe8+ Rxe8
30.Rc1 Ne4 31.Bd7 Rd8 32.Bc6 Nf2+ 33.Kg1 Nd3 34.Rc2 Nb2 35.Bb4 Rc8 36.Bd5 Nd1
37.Bb3 Bd4+ 38.Kh1 Re8 39.h4 Re1+ 40.Kh2 h5 41.a6 Ne3 42.Rxc3 Re2+ 43.Kh1 Nf1  0-1

[Event "Extraliga CZE 2004-5"]
[Site "Czech Rep CZE"]
[Date "2005.02.20"]
[Round "7"]
[White "Jirovsky,M"]
[Black "Bernasek,J"]
[Result "1/2-1/2"]
[WhiteElo "2499"]
[BlackElo "2389"]

1.Nf3 Nf6 2.c4 g6 3.g3 Bg7 4.Bg2 O-O 5.d4 c6 6.Nc3 d5 7.cxd5 cxd5 8.Ne5 Nc6
9.O-O e6 10.Bf4 Nxe5 11.Bxe5 Bd7 12.Rc1 Rc8 13.Qb3 Bc6 14.Rfd1 Bh6 15.Bxf6 Qxf6
16.e3 Qe7 17.Bf1 Rc7 18.Rc2 Rfc8 19.Rdc1 Bf8 20.a3 Qd7 21.Qa2 Bd6 22.b4 Ba4
23.Nxa4 Qxa4 24.Bd3  1/2-1/2

[Event "Millennium Open"]
[Site "Virginia Beach USA"]
[Date "2005.02.27"]
[Round "4"]
[White "Figler,I"]
[Black "Kaufman,La"]
[Result "1/2-1/2"]
[WhiteElo "2354"]
[BlackElo "2365"]

1.c4 Nf6 2.Nf3 g6 3.g3 Bg7 4.Bg2 O-O 5.O-O c6 6.d4 d6 7.Nc3 Qa5 8.h3 e5 9.e3 Be6
10.b3 Re8 11.Qd2 Qc7 12.Bb2 Bf5 13.Nh4 Bd7 14.f4 exd4  1/2-1/2

[Event "ch-RUS u20g"]
[Site "Nojabrsk RUS"]
[Date "2005.03.02"]
[Round "1"]
[White "Chistiakova,T"]
[Black "Fominykh,M"]
[Result "1-0"]
[WhiteElo "2310"]
[BlackElo "2282"]

1.Nf3 Nf6 2.c4 g6 3.g3 Bg7 4.Bg2 O-O 5.O-O d6 6.d4 c6 7.Nc3 Nbd7 8.b3 e5
9.e4 exd4 10.Nxd4 Re8 11.h3 Nc5 12.Re1 Qb6 13.Be3 Qa5 14.Qc2 Bd7 15.a4 Rac8
16.b4 Qxb4 17.a5 Nfxe4 18.Nxe4 Nxe4 19.Bxe4 d5 20.Rab1 Qxa5 21.Nb3 Qd8 22.Nc5 Rxe4
23.Nxe4 dxe4 24.Rxb7 Bxh3 25.Qxe4 a5 26.Bb6 Qd6 27.g4 Qf6 28.Re3 Qh4 29.Rg3 h5
30.Qf3 Rf8 31.Rxh3 Qg5 32.Be3 Qxg4+ 33.Qxg4 hxg4 34.Rh1 Ra8 35.Ra7 Rxa7 36.Bxa7 a4
37.Bc5 Bb2 38.f3 a3 39.Bxa3 Bxa3 40.fxg4 Kg7 41.Kf2 Kf6 42.Ra1 Bc5+ 43.Kf3 Ke5
44.Ra6 Kd6 45.Ke4 f6 46.Ra8 Ke6 47.Re8+ Kd7 48.Rg8 g5 49.Kf5 Bd4 50.Rg6 Ke7
51.c5 Kf7 52.Rh6 Kg7 53.Rh1 Bxc5 54.Rc1 Be7 55.Rxc6 Kf7 56.Rc7 Ke8 57.Ke6 Bd8
58.Rc8 f5 59.gxf5  1-0

[Event "Mediterranean Flower WGM"]
[Site "Rijeka CRO"]
[Date "2005.03.05"]
[Round "1"]
[White "Franciskovic,B"]
[Black "Ionica,I"]
[Result "1/2-1/2"]
[WhiteElo "2193"]
[BlackElo "2240"]

1.c4 Nf6 2.Nf3 g6 3.g3 Bg7 4.Bg2 O-O 5.Nc3 Nc6 6.O-O d5 7.cxd5 Nxd5 8.Nxd5 Qxd5
9.d3 Qb5 10.Qc2 Be6 11.Bd2 Nb4 12.Bxb4 Qxb4 13.Ng5 Bg4 14.h3 Bf5 15.Rab1 c6
16.a3 Qa5 17.Ne4 Rfd8 18.Nc5 Rab8 19.b4 Qc7 20.a4 Qc8 21.Kh2 h5 22.e4 Bd7
23.f4 b6 24.Nxd7 Qxd7 25.Rbd1 c5 26.b5 Qd4 27.e5 e6 28.Qc4  1/2-1/2

[Event "ch-BLR"]
[Site "Minsk BLR"]
[Date "2005.03.07"]
[Round "4"]
[White "Lomako,P"]
[Black "Lutsko,I"]
[Result "1-0"]
[WhiteElo "2366"]
[BlackElo "2527"]

1.Nf3 Nf6 2.c4 g6 3.g3 Bg7 4.Bg2 O-O 5.O-O d6 6.Nc3 e5 7.d3 Nh5 8.Bg5 f6
9.Bd2 a5 10.a3 Nc6 11.Rb1 f5 12.b4 axb4 13.axb4 f4 14.Qb3 Kh8 15.Ra1 Rxa1
16.Rxa1 Bg4 17.b5 Bxf3 18.Bxf3 Nd4 19.Qd1 Nxf3+ 20.exf3 fxg3 21.hxg3 c6 22.bxc6 bxc6
23.Ra6 Qd7 24.Qa4 Qf5 25.Qxc6 Qxd3 26.Qd5 Qxd5 27.Nxd5 Rd8 28.Ba5 Rc8 29.Rxd6 Bf8
30.Rd7 Rxc4 31.Bc3 Rc8 32.Bxe5+ Bg7 33.f4 Re8 34.g4 Bxe5 35.fxe5 Ng7 36.Nf6 Rf8
37.g5  1-0

[Event "Mediterranean Flower WGM"]
[Site "Rijeka CRO"]
[Date "2005.03.07"]
[Round "3"]
[White "Franciskovic,B"]
[Black "Srebrnic,A"]
[Result "0-1"]
[WhiteElo "2193"]
[BlackElo "2226"]

1.c4 Nf6 2.Nf3 g6 3.g3 Bg7 4.Bg2 O-O 5.O-O d6 6.Nc3 e5 7.d3 h6 8.Rb1 a5 9.a3 Nc6
10.b4 axb4 11.axb4 Be6 12.b5 Ne7 13.Qb3 Qd7 14.Ba3 Bh3 15.c5 Bxg2 16.Kxg2 b6
17.cxb6 cxb6 18.Ne4 Ne8 19.Nfd2 Nc8 20.Rfc1 Kh7 21.Rc6 f5 22.Nc3 Nc7 23.Nc4 Ne6
24.Nxb6 Nxb6 25.Rxb6 Nd4 26.Qb2 Qa7 27.Ra6 Qb7+ 28.Kg1 Rxa6 29.bxa6 Qxa6
30.Rd1 Ra8 31.Nb1 e4 32.Qd2 Rb8 33.dxe4 fxe4 34.Kg2 Rxb1 35.Rxb1 Qxa3 36.Rb7 Nf5
37.Qd5 e3 38.f3 Qc3 39.g4 Qd2 40.Qb5 Nd4 41.Rxg7+ Kxg7 42.Qd7+ Kf6 43.Qd8+ Ke5
44.f4+ Kd5 45.Qa8+ Kc4 46.Qa4+ Kc3 47.Qa5+ Kc4 48.Qa4+ Qb4 49.Qa2+ Kb5 50.Qd5+ Qc5
51.Qb7+ Kc4 52.Qa6+ Kd5 53.Qa8+ Qc6 54.Qa2+ Kc5+ 55.Kg3 Qb5 56.Qa3+ Qb4 57.Qxe3 Qe1+
58.Kh3 Qxe2 59.Qa3+ Kd5 60.Qa8+ Nc6 61.Qg8+ Qe6 62.Qa8 Qe3+ 63.Kh4 Qf2+ 64.Kh3 Qxf4
65.Qg8+ Kc5 66.Qxg6 Ne5 67.Qc2+ Kd5 68.Qb3+ Ke4 69.Qc2+ Nd3 70.Qc6+ d5 71.Qa4+ d4
72.Qe8+ Ne5 73.Qa8+ Ke3 74.Qa3+ d3 75.Qc5+ Ke2  0-1

[Event "Mediterranean Flower WGM"]
[Site "Rijeka CRO"]
[Date "2005.03.11"]
[Round "8"]
[White "Franciskovic,B"]
[Black "Bogza,A"]
[Result "0-1"]
[WhiteElo "2193"]
[BlackElo "2272"]

1.c4 g6 2.g3 Bg7 3.Bg2 Nf6 4.Nf3 O-O 5.O-O d5 6.cxd5 Nxd5 7.Nc3 Nb6 8.d3 Nc6
9.a3 Re8 10.Qc2 h6 11.Rb1 e5 12.b4 a5 13.Be3 axb4 14.axb4 Be6 15.Rfc1 f5
16.Nd2 Nd4 17.Bxd4 exd4 18.Nd1 Nd5 19.Nb3 Bf7 20.Kf1 Qe7 21.Bxd5 Bxd5 22.Qd2 f4
23.Nc5 fxg3 24.hxg3 b6 25.Ne4 Bxe4 26.dxe4 Qxe4 27.f3 Qe6 28.Nf2 Qd6 29.Kg2 Ra3
30.Nd3 g5 31.b5 Rc3 32.Rh1 Re3 33.Ra1 g4 34.Rhf1 gxf3+ 35.Rxf3 Rxf3 36.exf3 Qd5
37.Qe2 Qf5 38.Ra8+ Kh7 39.Nf2 Re3 40.Qd1 Qxb5 41.Qc2+ d3 42.Qa2 Qf5 43.Qg8+ Kg6
44.f4 Re2 45.Rd8 Qc5 46.f5+ Qxf5  0-1

[Event "Tch-FIN 2004-5"]
[Site "Finland FIN"]
[Date "2005.03.12"]
[Round "8"]
[White "Gamback,B"]
[Black "Tommiska,M"]
[Result "1/2-1/2"]
[WhiteElo "2193"]
[BlackElo "2223"]

1.Nf3 g6 2.c4 Bg7 3.g3 Nf6 4.Bg2 O-O 5.O-O d6 6.d3 e5 7.e3 Nc6 8.a3 a5 9.Qc2 h6
10.b3 Be6 11.Bb2 Qd7 12.Rd1 Bh3 13.Bh1 Nh5 14.Nbd2 f5 15.d4 e4 16.d5 Ne5
17.Nxe5 Bxe5 18.Bxe5 dxe5 19.c5 Bg4 20.f3 exf3 21.Bxf3 Nf6 22.Bxg4 Nxg4 23.Nc4 Qb5
24.h3 Qxc5 25.hxg4 b5 26.Qh2 bxc4 27.Qxh6 Rf6 28.gxf5 cxb3 29.fxg6 Qe7 30.a4 Qg7
31.Qxg7+ Kxg7 32.Rac1 Ra7 33.Rc5 Rb6 34.Rb1 Rb4 35.Kf2 Kxg6 36.Ke2 Rab7 37.Rxa5 e4
38.Rb2 Kf6 39.Kd2 Rc4  1/2-1/2

[Event "TCh-SWE Elitserien 2004-5"]
[Site "Malmo SWE"]
[Date "2005.03.12"]
[Round "10"]
[White "Webb,S"]
[Black "Hoi,C"]
[Result "1/2-1/2"]
[WhiteElo "2420"]
[BlackElo "2387"]

1.Nf3 Nf6 2.c4 g6 3.g3 Bg7 4.Bg2 O-O 5.O-O d6 6.d4 Nc6 7.Nc3 e5 8.d5 Ne7
9.e4 Nd7 10.Ne1 a5 11.Nd3 b6 12.Be3 Ba6 13.b3 f5 14.f3 f4 15.Bd2 Bc8 16.Bh3 h5
17.Qe2 Nc5 18.Nf2 Kh7 19.Rab1 Ng8 20.Bxc8 Qxc8 21.g4 Bf6 22.Kh1 Bh4 23.Rg1 Nh6
24.gxh5 gxh5 25.Nb5 Qd7 26.Rg2 Rg8 27.Rbg1 Rxg2 28.Rxg2 Nf7 29.Be1 Rg8 30.Rxg8 Kxg8  1/2-1/2

[Event "TCh-SWE Elitserien 2004-5"]
[Site "Malmo SWE"]
[Date "2005.03.13"]
[Round "11"]
[White "Wessman,R"]
[Black "Holst,C"]
[Result "1-0"]
[WhiteElo "2426"]
[BlackElo "2160"]

1.Nf3 Nf6 2.c4 g6 3.g3 Bg7 4.Bg2 O-O 5.O-O d6 6.Nc3 Nc6 7.d4 a6 8.d5 Na5
9.Nd2 c5 10.Qc2 Rb8 11.b3 b5 12.Bb2 bxc4 13.bxc4 Bh6 14.f4 e5 15.dxe6 Bxe6
16.Nd5 Rxb2 17.Qxb2 Bg7 18.Qc1 Bxd5 19.cxd5 Ng4 20.Rb1 Bd4+ 21.Kh1 Nf2+ 22.Rxf2 Bxf2
23.Nf3 Re8 24.e4 c4 25.Qc3 Qc7 26.e5 Rb8 27.Rf1 Bc5 28.e6 Bb4 29.Qf6 h6 30.Bh3 fxe6
31.Bxe6+ Kh7 32.Bf7 Rg8 33.Nh4 Rg7 34.Bxg6+ Kg8 35.Nf5 Bc3 36.Nxh6+  1-0

[Event "Spring Festival"]
[Site "Budapest HUN"]
[Date "2005.03.22"]
[Round "5"]
[White "Korpics,Z"]
[Black "Keschitz,G"]
[Result "1/2-1/2"]
[WhiteElo "2349"]
[BlackElo "2204"]

1.Nf3 Nf6 2.c4 g6 3.g3 Bg7 4.Bg2 O-O 5.d4 d5 6.cxd5 Nxd5 7.O-O Nb6 8.Nc3 Nc6
9.d5 Na5 10.Qc2 Bf5 11.e4 Bg4 12.Bf4 c6 13.Rad1 Qc8 14.dxc6 Nxc6 15.Nb5 Bxf3
16.Bxf3 Ne5 17.Qe2 Qc4  1/2-1/2

[Event "Open"]
[Site "Coventry ENG"]
[Date "2005.03.24"]
[Round "1"]
[White "Cox,Tr"]
[Black "Wu,L"]
[Result "1/2-1/2"]
[WhiteElo "2057"]
[BlackElo "2247"]

1.Nf3 Nf6 2.c4 g6 3.g3 Bg7 4.Bg2 O-O 5.O-O d6 6.d4 Nc6 7.Nc3 Bf5 8.d5 Na5
9.Nd4 Bd7 10.b3 c5 11.dxc6 Nxc6 12.Nc2 Qa5 13.Bd2 Qh5 14.e4 a6 15.Qxh5 Nxh5
16.a4 Nd4 17.Nxd4 Bxd4 18.Ra2 Bc6 19.Rc2 Nf6 20.Nd5 e6 21.Nxf6+ Bxf6 22.Bb4 Rfd8
23.Rd1 Rd7 24.Rxd6 Rad8 25.Rcd2 Rxd6 26.Rxd6 Rc8 27.Rd1 b6 28.h4 Bb2 29.Be7 e5
30.Rd8+ Rxd8 31.Bxd8 Bd4 32.Kf1 Kg7 33.Be7 f6 34.f3 Kf7 35.Bb4 a5 36.Bd2 Bd7
37.Ke2 Bc5 38.Be1 Ke7 39.Kd3 Kd6 40.g4 g5 41.Bf1 h6 42.Bf2  1/2-1/2

[Event "Open"]
[Site "Coventry ENG"]
[Date "2005.03.25"]
[Round "2"]
[White "Tkachiev,V"]
[Black "Dworakowska,J"]
[Result "1-0"]
[WhiteElo "2609"]
[BlackElo "2395"]

1.Nf3 Nf6 2.c4 g6 3.g3 Bg7 4.Bg2 O-O 5.O-O d6 6.Nc3 c5 7.d4 Nc6 8.dxc5 dxc5
9.Bf4 Be6 10.Ne5 Nxe5 11.Bxe5 Nd7 12.Bxg7 Kxg7 13.Bxb7 Rb8 14.Bd5 Bh3 15.Re1 Rxb2
16.Ne4 Rb8 17.Nxc5 e6 18.Nxd7 Qxd7 19.Bf3 Qxd1 20.Rexd1 Rfc8 21.Rdc1 Rc5
22.Rc2 Rbc8 23.Rac1 h5 24.e3 Bf5 25.e4 Bg4 26.Bg2 e5 27.f3 Be6 28.Bf1 Rd8
29.Kf2 g5 30.Ke3 Rd6 31.Rc3 Ra6 32.a3 Rb6 33.Bd3 Rb2 34.R1c2 Rb1 35.f4 gxf4+
36.gxf4 Kf6 37.Rc1 Rb2 38.fxe5+ Kxe5 39.Be2 Bg4 40.Bxg4 hxg4 41.Rf1 Rxh2
42.Rf5+ Kd6 43.Rd3+ Kc6 44.Rf6+ Kb7 45.Rxf7+ Rc7 46.Rxc7+ Kxc7 47.Kf4 Rc2
48.Kxg4 Rxc4 49.Kf5 a5 50.e5 Rh4 51.e6 Rh5+ 52.Kf6 Rh6+ 53.Kf7 Rh2 54.Kg6 Rh1
55.e7 Rg1+ 56.Kf7 Rf1+ 57.Ke8  1-0

[Event "Norwegian Open"]
[Site "Oslo NOR"]
[Date "2005.03.25"]
[Round "7"]
[White "Kengis,E"]
[Black "Van der Weide,K"]
[Result "1/2-1/2"]
[WhiteElo "2538"]
[BlackElo "2490"]

1.Nf3 Nf6 2.c4 g6 3.g3 Bg7 4.Bg2 O-O 5.d4 d6 6.O-O Nc6 7.Nc3 a6 8.Re1 Rb8
9.Rb1 Re8 10.b4 e5 11.d5 Nd4 12.Nh4 b5 13.e3 Nf5 14.Nxf5 gxf5 15.cxb5 axb5
16.Qc2 Bd7 17.Bb2 Rb6 18.Rbc1 Qa8 19.a3 Qb7 20.Red1 Ra8 21.e4 Qc8 22.exf5 Bxf5
23.Ne4 Kh8 24.Qe2 Nxe4 25.Bxe4 Bxe4 26.Qxe4 Qd7 27.f4 Bh6 28.Rc3 Rf8 29.Rc2 f6
30.Bc1 Bg7 31.Qf3 f5  1/2-1/2

[Event "Open"]
[Site "Coventry ENG"]
[Date "2005.03.27"]
[Round "7"]
[White "Cox,Tr"]
[Black "Lappage,J"]
[Result "0-1"]
[WhiteElo "2057"]
[BlackElo "2173"]

1.Nf3 Nf6 2.c4 g6 3.g3 Bg7 4.Bg2 O-O 5.O-O d6 6.d4 Nc6 7.Nc3 Bf5 8.d5 Na5
9.Nd4 Bd7 10.Qd3 c5 11.Nc2 a6 12.Rb1 Rc8 13.b3 Ne8 14.Bd2 Rb8 15.e4 b5 16.f4 f5
17.exf5 Bxf5 18.Be4 Bh3 19.f5 Bxf1 20.Rxf1 bxc4 21.bxc4 Nf6 22.fxg6 Nd7 23.gxh7+ Kh8
24.Ne3 Ne5 25.Qe2 Rxf1+ 26.Kxf1 Qf8+ 27.Kg1 Naxc4 28.Nxc4 Nxc4 29.Qxc4 Bd4+
30.Kg2 Qf2+ 31.Kh3 Qxd2 32.Ne2 Qh6+ 33.Kg2 Qe3 34.Bd3 Be5 35.h4 Rf8 36.Kh3 Qf3
37.Be4 Qf1+ 38.Kg4 a5 39.h5 a4 40.h6 a3 41.Qd3 Rf2 42.Bf3 Rh2 43.Qg6 Qh3+
44.Kg5 Bf6+ 45.Kf4 Qxh6+ 46.Qxh6 Rxh6 47.Be4 Be5+ 48.Kf3 Rh1 49.Kg2 Ra1 50.Ng1 Rxa2+
51.Kh3 Rf2  0-1

[Event "Open"]
[Site "Coventry ENG"]
[Date "2005.03.27"]
[Round "7"]
[White "Gourlay,I"]
[Black "Payne,N"]
[Result "1-0"]
[WhiteElo "2304"]
[BlackElo "2101"]

1.Nf3 Nf6 2.g3 g6 3.Bg2 Bg7 4.c4 O-O 5.O-O d5 6.cxd5 Nxd5 7.Nc3 c6 8.d4 Nb6
9.h3 Na6 10.e4 Be6 11.b3 c5 12.Be3 cxd4 13.Nxd4 Qd7 14.Nxe6 Qxe6 15.Rc1 Nb4
16.Qe2 Rac8 17.Nb5 Nc6 18.Rfd1 Rfd8 19.Kh2 Rxd1 20.Rxd1 Nb4 21.Nxa7 Ra8 22.Qb5 Rxa7
23.Rd8+ Bf8 24.Bh6 Ra8 25.Rxa8 Nxa8 26.Qe8  1-0

[Event "2nd K41 Int"]
[Site "Copenhagen DEN"]
[Date "2005.04.07"]
[Round "6"]
[White "Olsen,H"]
[Black "Bekker Jensen,S"]
[Result "1/2-1/2"]
[WhiteElo "2342"]
[BlackElo "2379"]

1.c4 Nf6 2.Nf3 g6 3.g3 Bg7 4.Bg2 O-O 5.O-O d6 6.Nc3 e5 7.Rb1 Nc6 8.b4 Bf5
9.d3 Qd7 10.Re1 Bh3 11.Bh1 h6 12.b5 Nd8 13.a4 Ng4 14.Ba3 Ne6 15.Nh4 Rab8
16.a5 g5 17.Nf3 f5 18.Qd2 Rf7 19.c5 dxc5 20.b6 axb6 21.axb6 e4 22.bxc7 Nxc7
23.Bxc5 exf3 24.Bxf3 Ne5 25.Bh1 b6 26.d4 Nc6 27.Bxb6 Nxd4 28.Qa2 Nde6 29.Nd5 Nxd5
30.Bxd5 f4 31.Red1 Kh8 32.Bg2 Nd4 33.Bxd4 Rxb1 34.Bxg7+ Kxg7 35.Qxb1 Qc8
36.Qb2+ Kh7 37.Bxh3 Qxh3 38.Rd8 Qe6 39.Qc2+ Kg7 40.Qc3+ Qf6 41.Qxf6+ Rxf6
42.Kg2 Kg6 43.Rd4 Re6 44.Kf3 g4+ 45.Kxg4 fxg3 46.hxg3 Rxe2 47.Rd6+ Kg7 48.f4 Re3
49.Ra6 Rb3 50.Kh4 Rb4 51.Ra3 Kg6 52.Rf3 Rb1 53.g4 Rh1+ 54.Rh3 Rf1 55.Kg3 Ra1
56.Rh2 Ra3+ 57.Kh4 Ra1 58.Re2 Rh1+ 59.Kg3 Rg1+ 60.Kf3 Rf1+ 61.Ke4 Rg1 62.f5+ Kg5
63.Rf2 Re1+ 64.Kf3 h5  1/2-1/2

[Event "Extraliga CZE 2004-5"]
[Site "Czech Rep CZE"]
[Date "2005.04.16"]
[Round "10"]
[White "Konopka,M"]
[Black "Dvorak,T"]
[Result "1/2-1/2"]
[WhiteElo "2459"]
[BlackElo "2312"]

1.Nf3 Nf6 2.c4 g6 3.g3 Bg7 4.Bg2 O-O 5.O-O d5 6.d4 dxc4 7.Na3 Nc6 8.Nxc4 Be6
9.b3 a5 10.a4 Bd5 11.e3 Nb4 12.Ba3 c6 13.Ne1 b5 14.Nd2 Bxg2 15.Kxg2 c5 16.Bb2 cxd4
17.Bxd4 Nc6 18.Nef3 Qd5 19.e4 Nxe4 20.Bxg7 Nxd2 21.axb5 Kxg7 22.bxc6 Qxf3+
23.Qxf3 Nxf3 24.Kxf3 Rab8 25.Ra3 Rfc8 26.Rc1 Rb5 27.Ke3 Kf6 28.Rc3 Ke6 29.Ra4 Kd6
30.c7 e5 31.Rac4 Rb7 32.Rd3+ Ke6 33.Rc6+ Ke7 34.Rc5 f6 35.Rdc3 Kd7 36.Rd5+ Ke6
37.Rxa5 Rbxc7 38.Ra6+ Kf5 39.Rd3 Rc2 40.h3  1/2-1/2

[Event "TCh-HUN w"]
[Site "Budapest HUN"]
[Date "2005.04.21"]
[Round "3"]
[White "Ignacz,M"]
[Black "Rendi,E"]
[Result "1-0"]
[WhiteElo "2195"]
[BlackElo "2187"]

1.Nf3 Nf6 2.c4 g6 3.g3 Bg7 4.Bg2 O-O 5.d4 d6 6.Nc3 c6 7.O-O Qb6 8.b3 e5 9.e4 Bg4
10.Be3 Qa5 11.Qc2 Na6 12.h3 Bxf3 13.Bxf3 Rfe8 14.Rad1 exd4 15.Bxd4 Nc5 16.Rfe1 Rad8
17.Bg2 Ne6 18.Be3 Ng4 19.Bd2 Nd4 20.Qc1 Ne5 21.Re3 Qc7 22.f4 Nd7 23.Ree1 Nf6
24.Be3 Ne6 25.Bf2 b6 26.Rd2 Nc5 27.b4 Nb7 28.Red1 Nh5 29.Qc2 Re7 30.Ne2 Rde8
31.Nd4 Nf6 32.e5 dxe5 33.Nxc6 exf4 34.Nxe7+ Rxe7 35.g4 Nd7 36.Bh4 f6 37.Bd5+ Kh8
38.Bf2 Ne5 39.Qc3 Nd6 40.c5 Nb5 41.Qb3 h5 42.gxh5 gxh5 43.Bf3 Bf8 44.Rd8 Rg7+
45.Kf1 Qe7 46.Bxh5 Rh7 47.Re8 Qg7 48.Rdd8 Nd7 49.Rxd7 Qxd7 50.Rxf8+  1-0